Las maravillas del cine
Wedi'i Gadw mewn:
| Prif Awdur: | |
|---|---|
| Fformat: | Llyfr |
| Iaith: | Sbaeneg |
| Cyhoeddwyd: |
Ciudad de México
Fondo de Cultura Económica
1960
|
| Cyfres: | Breviarios del Fondo de Cultura Económica, 29
|
| Pynciau: | |
| Tagiau: |
Ychwanegu Tag
Dim Tagiau, Byddwch y cyntaf i dagio'r cofnod hwn!
|
MARC
| LEADER | 00000nam a2200000 a 4500 | ||
|---|---|---|---|
| 001 | UCW0196 | ||
| 003 | CL-VaPUC | ||
| 008 | 910315e19600000MX |||||||||||||||||spa|d | ||
| 082 | 0 | 4 | |a 791.43 |b SAD |2 21 |
| 100 | 0 | |a Sadoul, Georges |e author |9 304153 | |
| 245 | 1 | 4 | |a Las maravillas del cine |
| 300 | |a 274 p | ||
| 942 | |c BK | ||
| 945 | |d 19910315 00:00:00 | ||
| 260 | |a Ciudad de México |b Fondo de Cultura Económica |c 1960 | ||
| 650 | 0 | |a Historia del cine |9 265166 | |
| 583 | |a last modification |c 20180402 05:46:24 |k Rodrigo Vera | ||
| 490 | 0 | |a Breviarios del Fondo de Cultura Económica, 29 | |
| 999 | |c 215424 |d 215422 | ||
| 952 | |0 0 |1 0 |4 0 |6 791_430000000000000_SAD_1960 |7 0 |8 R |9 199709 |a BIBART |b BIBART |d 2019-11-14 |i 2669641 |o 791.43 SAD 1960 |p 2669641 |r 2025-03-13 |w 2019-11-14 |y BK_R |k ART | ||